LEADER 01200nam a22002891i 4500 001 991001853449707536 008 051021s2000 enka b 001 0 eng d 020 $a1860581803 035 $ab13437811-39ule_inst 040 $aDip.to Ingegneria dell'Innovazione$beng 082 0 $a621.69$221 100 1 $aDavidson, John,$d1926-$0624285 245 10$aProcess pumps selection :$ba systems approach /$cJohn Davidson and Otto von Bertele 250 $a2nd ed. 260 $aLondon :$bProfessional Engineering Pub.,$cc2000 300 $axxii, 202 p. :$bill. ;$c24 cm 504 $aIncludes bibliographical references and index 650 4$aPumping machinery 650 4$aProduction engineering 650 4$aPumping machinery$xDesign and construction 700 1 $aVon Bertele, Otto$eauthor$4http://id.loc.gov/vocabulary/relators/aut$0738357 907 $a.b13437811$b21-09-06$c14-09-06 912 $a991001853449707536 945 $aLE026 621.69 DAV 01.01 2000$g1$i2026000028866$lle026$nProf. Ficarella / Biblioteca$op$pE95.54$q-$rl$s- $t4$u1$v0$w1$x0$y.i14293365$z19-09-06 996 $aProcess pumps selection$91462410 997 $aUNISALENTO 998 $ale026$b21-10-05$cm$da $e-$feng$genk$h0$i0 LEADER 01517nas 2200481-a 450 001 9910895601703321 005 20260218112421.0 011 $a0066-5285 035 $a(DE-599)ZDB3197277-9 035 $a(CKB)110978977730919 035 $a(CONSER)---80645048- 035 $a(DE-599)3197277-9 035 $a(EXLCZ)99110978977730919 100 $a20750727a19669999 --- - 101 0 $ager 181 $ctxt$2rdacontent 182 $cc$2rdamedia 183 $acr$2rdacarrier 200 00$aAnzeiger für slavische Philologie 210 1$aGraz, Austria :$cAkademische Druck- und Verlagsanstalt 215 $a1 online resource 311 08$aPrint version: Anzeiger für slavische Philologie. 0066-5282 (DLC) 80645048 (OCoLC)1481668 531 0 $aAnz. slav. Philol. 606 $aSlavic philology$vPeriodicals 606 $a18.50 Slavic languages$3(NL-LeOCL)077599829$2bcl 606 $aSlavic philology$2fast$3(OCoLC)fst01120745 606 $aTaalkunde$2gtt 606 $aSlavische talen$2gtt 606 $aSlavic philology$vPeriodicals$2nli 608 $aPeriodicals.$2fast 608 $aPeriodicals.$2lcgft 615 0$aSlavic philology 615 7$a18.50 Slavic languages. 615 7$aSlavic philology. 615 17$aTaalkunde. 615 17$aSlavische talen. 615 7$aSlavic philology 676 $a491.8/05 906 $aJOURNAL 912 $a9910895601703321 920 $aexl_impl conversion 996 $aAnzeiger für Slavische Philologie$91324715 997 $aUNINA